00000000nam 2200000za 4500
0019.846674
003CaOODSP
00520221107153248
007cr |||||||||||
008171106s1951    onc     o    f000 0 eng d
040 |aCaOODSP|beng
043 |an-cn---
0861 |aCS81-D-60/1951E-PDF
24500|aDirectory of private schools in Canada, 1950 |h[electronic resource] : |belementary, secondary and commercial.
260 |aOttawa : |bDominion Bureau of Statistics, |c1951.
300 |a20 p.
4901 |aD.B.S. reference paper ; |vno. 22
500 |aCaption title.
500 |aDigitized edition from print [produced by Statistics Canada].
530 |aIssued also in print format.
69207|2gccst|aPrivate schools
69207|2gccst|aDirectories
7101 |aCanada. |bDominion Bureau of Statistics.
830#0|aD.B.S. reference papers ;|vno. 22|w(CaOODSP)9.812168
85640|qPDF|s626 KB|uhttps://publications.gc.ca/collections/collection_2017/statcan/CS81-D-60-1951-eng.pdf
986 |a81-D-60